Students' evaluations bring reading and writing together (Record no. 77492)

MARC details
000 -CABECERA
campo de control de longitud fija 00699nam a2200241 a 4500
005 - FECHA Y HORA DE LA ÚLTIMA TRANSACCIÓN
campo de control 20210219153447.0
008 - ELEMENTOS DE LONGITUD FIJA--INFORMACIÓN GENERAL
campo de control de longitud fija 991125n 000 0 u
035 ## - NÚMERO DE CONTROL DEL SISTEMA
Número de control de sistema UPN01000101161
100 ## - ASIENTO PRINCIPAL--NOMBRE PERSONAL
Nombre de persona Hansen, Jane
222 #0 - TÍTULO CLAVE
Título clave READING TEACHER
245 #0 - MENCIÓN DE TÍTULO
Título Students' evaluations bring reading and writing together
300 ## - DESCRIPCIÓN FÍSICA
Extensión 100-105
362 ## - FECHAS DE PUBLICACIÓN Y/O DESIGNACIÓN SECUENCIAL
Fecha de publicación y/o designación secuencial 46, No. 2, 1992
505 ## - NOTA DE CONTENIDO CON FORMATO PREESTABLECIDO
Nota de contenido con formato Febrero 1993
653 0# - TERMINO DE INDIZACION - NO CONTROLADO
Término no controlado ACTITUDES DEL ESTUDIANTE
653 0# - TERMINO DE INDIZACION - NO CONTROLADO
Término no controlado EVALUACION DEL ESTUDIANTE
653 0# - TERMINO DE INDIZACION - NO CONTROLADO
Término no controlado INSTRUCCION DE LA LECTURA
653 0# - TERMINO DE INDIZACION - NO CONTROLADO
Término no controlado INSTRUCCION PARA LA ESCRITURA
653 0# - TERMINO DE INDIZACION - NO CONTROLADO
Término no controlado METODOS DE ENSEÑANZA
653 0# - TERMINO DE INDIZACION - NO CONTROLADO
Término no controlado RELACION ENTRE LECTURA Y ESCRITURA
904 ## - ELEMENTOS DE DATOS D LOCAL, LDD (RLIN)
a AC
b 038972
905 ## - TIPO DE MATERIAL
Tipo de material Articulo

No items available.